000 00699nam a2200241Ia 4500
003 OSt
005 20220926021047.0
006 a|||||r|||| 00| 0
007 ta
008 220923b |||||||| |||| 00| 0 eng d
037 _cGeneral Book
040 _aRTL
_cRTL
_beng
041 _2eng
_aeng
082 _aX:514-89Q1, K1
110 _aAmerican Management Association
_9315304
245 0 _aSales forecasting
_b Uses, tecniques and trends
260 _aNew York
_bThe Author
_c1961
300 _a159p
_ccm.
650 _aSalesmanship
_9229886
700 _aAmerican Management Association
_9315305
942 _hX:514-89Q1, K1
_cGB
_2CC
999 _c635654
_d635654